Superbowl Halftime Show Performers - Statistics

General Stats
  • This quiz has been taken 521 times
    378 since last reset
  • The average score is 16 of 61
Answer Stats
Year Answer % Correct
2013 Beyonce
78%
2016 Beyonce
78%
1993 Michael Jackson
77%
2020 Shakira
72%
2014 Bruno Mars
69%
2016 Bruno Mars
69%
2020 Jennifer Lopez
69%
2015 Katy Perry
69%
2018 Justin Timberlake
67%
2017 Lady Gaga
67%
2016 Coldplay
62%
2012 Madonna
60%
2019 Maroon 5
57%
2004 Janet Jackson
55%
2007 Prince
55%
2004 Justin Timberlake
49%
2001 Britney Spears
35%
2002 U2
34%
2013 Destiny's Child
27%
2001 N'Sync
26%
2001 Aerosmith
25%
2005 Paul McCartney
25%
2014 Red Hot Chili Peppers
23%
2019 Travis Scott
23%
2006 The Rolling Stones
22%
2011 Usher
22%
2009 Bruce Springsteen
21%
2010 The Who
20%
2012 Nicki Minaj
19%
2015 Lenny Kravitz
18%
2015 Missy Elliott
17%
2012 LMFAO
14%
2011 The Black Eyed Peas
14%
2012 M.I.A
13%
2000 Christina Aguilera
12%
2003 Shania Twain
12%
2016 Mark Ronson
11%
2019 Big Boi
10%
2001 Mary J. Blige
10%
2003 Sting
10%
2012 Cee Lo Green
9%
1996 Diana Ross
9%
2001 Nelly
9%
2004 Nelly
9%
2003 No Doubt
9%
2011 Slash
8%
1992 Gloria Estefan
6%
1999 Gloria Estefan
6%
1999 Stevie Wonder
6%
2000 Phil Collins
5%
1991 New Kids on the Block
4%
1997 James Brown
3%
2004 Kid Rock
3%
2004 P. Diddy
3%
1998 Boyz II Men
2%
2000 Enrique Iglesias
2%
1997 The Blues Brothers
2%
2000 Toni Braxton
2%
1997 ZZ Top
2%
1998 The Temptations
1%
2008 Tom Petty & the Heartbreakers
1%
No matching quizzes found
Score Distribution
Percent of People with Each Score
Percentile by Number Answered
Your Score History
You have not taken this quiz since the last reset